| 000 | 00658nam a2200205 i 4500 | ||
|---|---|---|---|
| 001 | 140203 | ||
| 003 | ES-MaACL | ||
| 005 | 20250623204547.0 | ||
| 007 | t| | ||
| 008 | 070214s1979 ag r ||||1| spa d | ||
| 100 | 1 |
_aSchultz de Mantovani, Fryda. _9104783 |
|
| 245 | 1 | 0 |
_aVictoria Ocampo / _cFryda Schultz de Mantovani. |
| 250 | _a2ª. ed. | ||
| 260 |
_aBuenos Aires : _bMinisterio de Cultura y Educación, _c1979. |
||
| 300 |
_a113 p., 5 lám. ; _c25 cm. |
||
| 600 | 1 | 4 |
_aOcampo, Victoria, _d1890-1979 _986446 |
| 710 | 2 |
_aBuenos Aires. _bMinisterio de Cultura y Educación. _92249 |
|
| 852 |
_aES-MaACL _jE-7684 _bR.100464 |
||
| 999 |
_c140203 _d140203 |
||